| 000 | 00920nam a2200289 a 4500 | ||
|---|---|---|---|
| 001 | 788 | ||
| 003 | BR-CuiBMT | ||
| 005 | 20231117184944.0 | ||
| 008 | 231117s2008 spb 000 0 por d | ||
| 020 | _a9788576602569 | ||
| 040 |
_aBR-CuiBMT _cBR-CuiBMT |
||
| 080 |
_22007 _a349.2:656.615 _x(81) |
||
| 090 |
_a349.2:656.615(81) _bP149t _c2. ed. |
||
| 100 | 1 | _aPaixão, Cristiano | |
| 245 | 1 | 0 |
_aTrabalho portuário : _ba modernização dos portos e as relações de trabalho no Brasil / _cCristiano Paixão , Ronaldo Curado Fleury. |
| 250 | _a2. ed. rev., atual e ampl. | ||
| 260 |
_aSão Paulo : _bMétodo, _c2008. |
||
| 300 |
_a367 p. ; _c23 cm |
||
| 504 | _aInclui bibliografia. | ||
| 505 | _aDoutrina. Legislação. Jurisprudência. | ||
| 650 | _aPortos | ||
| 650 | _aRelações trabalhistas | ||
| 650 | _aLegislação | ||
| 650 | _aJurisprudência | ||
| 700 | 1 | _a Fleury, Ronaldo Curado | |
| 942 |
_2udc _cLV |
||
| 999 |
_c788 _d788 |
||